[Event "Poznan op 27th"]
[Site "Poznan"]
[Date "2019.08.19"]
[Round "3"]
[White "Cherepov, Alexej"]
[Black "Sandberg, Martin"]
[Result "1-0"]
[WhiteElo "2224"]
[BlackElo "1867"]
[PlyCount "81"]
[EventDate "2019.08.18"]
[EventType "swiss"]
[EventRounds "9"]
[EventCountry "POL"]
[SourceTitle "EXT 2020"]
[Source "ChessBase"]
[SourceDate "2019.10.17"]
[SourceVersion "1"]
[SourceVersionDate "2019.10.17"]
[SourceQuality "1"]

1. d4 Nf6 2. c4 g6 3. Nc3 Bg7 4. e4 d6 5. Be2 0-0 6. Bg5 Nbd7 7. Qd2 c5 8. Nf3 a6 9. 0-0 Rb8 10. Rfe1 Re8 11. d5 Qa5 12. a4 Nf8 13. h3 e6 14. Qc2 e5 15. Bd2 Qd8 16. a5 h6 17. Na4 N8d7 18. b4 Qe7 19. bxc5 Nxc5 20. Nxc5 dxc5 21. Bd3 Rf8 22. Ra3 Nh5 23. Qc1 Kh7 24. g4 Nf6 25. Nxe5 h5 26. Bf4 Ra8 27. Bf1 Nd7 28. Nxd7 Bxd7 29. gxh5 gxh5 30. e5 Rg8 31. Rg3 Bf5 32. Qd1 Bg6 33. Bd3 Rh8 34. Qxh5+ Kg8 35. Qe2 Qh4 36. Bg5 Qd4 37. Bxg6 fxg6 38. Bf6 Bxf6 39. exf6 Qxf6 40. Qd3 Rh6 41. Re6 1-0

[Event "Helsingor Xtracon op"]
[Site "Helsingor"]
[Date "2018.07.23"]
[Round "4"]
[White "Sandberg, Martin"]
[Black "Emborg, Jens"]
[Result "1-0"]
[WhiteElo "1865"]
[BlackElo "1545"]
[PlyCount "101"]
[EventDate "2018.07.21"]
[EventType "swiss"]
[EventRounds "10"]
[EventCountry "DEN"]
[SourceTitle "CBM 185 Extra"]
[Source "ChessBase"]
[SourceDate "2018.07.29"]
[SourceVersion "1"]
[SourceVersionDate "2018.07.29"]
[SourceQuality "1"]

1. d4 d5 2. c4 e6 3. Nf3 Nf6 4. g3 c5 5. cxd5 exd5 6. Bg2 Be6 7. 0-0 Nc6 8. Nc3 Be7 9. dxc5 Bxc5 10. Ng5 0-0 11. Bf4 Bd6 12. Bxd6 Qxd6 13. Nb5 Qe7 14. e3 a6 15. Nd4 Nxd4 16. Qxd4 Rac8 17. Rac1 Rc6 18. Rxc6 bxc6 19. Rc1 Qc7 20. b4 Rc8 21. a4 Nd7 22. Qd3 g6 23. Qxa6 Nb6 24. Qd3 Nxa4 25. b5 Nb2 26. Qd4 Nc4 27. Qh4 h5 28. Nxe6 fxe6 29. bxc6 Qf7 30. Qd4 Rxc6 31. e4 Ne5 32. Rb1 Qc7 33. Rd1 Rc4 34. Qa1 d4 35. Qa8+ Kg7 36. Ra1 Rc1+ 37. Rxc1 Qxc1+ 38. Bf1 d3 39. Qa7+ Kh6 40. Qb8 d2 41. Qh8+ Kg5 42. Qxe5+ Kh6 43. h4 Qxf1+ 44. Kxf1 d1Q+ 45. Kg2 Qd7 46. Qh8+ Qh7 47. Qxh7+ Kxh7 48. f4 e5 49. fxe5 Kg7 50. Kf3 Kf7 51. Kf4 1-0

[Event "Helsingor Xtracon op"]
[Site "Helsingor"]
[Date "2017.07.25"]
[Round "5"]
[White "Sandberg, Martin"]
[Black "Ivarsson, Torbjorn"]
[Result "0-1"]
[WhiteElo "1893"]
[BlackElo "2145"]
[PlyCount "62"]
[EventDate "2017.07.22"]
[EventType "swiss"]
[EventRounds "10"]
[EventCountry "DEN"]
[SourceTitle "CBM 179 Extra"]
[Source "ChessBase"]
[SourceDate "2017.08.23"]
[SourceVersion "1"]
[SourceVersionDate "2017.08.23"]
[SourceQuality "1"]

1. d4 e6 2. c4 b6 3. e4 Bb7 4. Bd3 Bb4+ 5. Kf1 Bf8 6. Nc3 g6 7. Be3 Bg7 8. Qd2 d6 9. Nge2 Nc6 10. Rd1 Nge7 11. f3 Qd7 12. a3 f5 13. Kg1 0-0-0 14. b4 g5 15. c5 dxc5 16. dxc5 f4 17. b5 Ne5 18. c6 Qxd3 19. cxb7+ Kxb7 20. Qxd3 Nxd3 21. Bf2 h5 22. g3 Ng6 23. Kg2 Rhf8 24. Rhf1 Be5 25. Be1 fxg3 26. hxg3 h4 27. gxh4 gxh4 28. Rh1 Ngf4+ 29. Kf1 Nxe2 30. Nxe2 Rxf3+ 31. Kg1 Rg8+ 0-1

[Event "Reykjavik op"]
[Site "Reykjavik"]
[Date "2015.03.16"]
[Round "8"]
[White "Ontiveros, John"]
[Black "Sandberg, Martin"]
[Result "0-1"]
[WhiteElo "1774"]
[BlackElo "1889"]
[PlyCount "80"]
[EventDate "2015.03.10"]
[EventType "swiss"]
[EventRounds "10"]
[EventCountry "ISL"]
[SourceTitle "CBM 165 Extra"]
[Source "ChessBase"]
[SourceDate "2015.04.21"]
[SourceVersion "1"]
[SourceVersionDate "2015.04.21"]
[SourceQuality "1"]

1. d4 Nf6 2. c4 e6 3. Nc3 Bb4 4. Qc2 c5 5. e3 0-0 6. Bd3 Nc6 7. Nge2 d5 8. a3 dxc4 9. Bxc4 cxd4 10. axb4 dxc3 11. bxc3 Ne5 12. Bb5 a6 13. 0-0 Qc7 14. Ng3 Nd5 15. Bb2 Nxb4 16. Qe4 Nbc6 17. Nh5 f5 18. Qf4 Qf7 19. Be2 Ng6 20. Qg3 f4 21. Qf3 Nce5 22. Qe4 Qf5 23. Qd4 f3 24. Ng3 Qg5 25. gxf3 Nh4 26. Qe4 Nhxf3+ 27. Bxf3 Nxf3+ 28. Kg2 Nd2 29. f4 Qh6 30. Qe5 Nxf1 31. Rxf1 Rd8 32. Rf2 Bd7 33. e4 Bc6 34. Ne2 Qg6+ 35. Ng3 h5 36. h4 Rd3 37. Qg5 Bxe4+ 38. Kh2 Rad8 39. c4 Qxg5 40. fxg5 Rd2 0-1

[Event "Reykjavik op"]
[Site "Reykjavik"]
[Date "2015.03.10"]
[Round "1"]
[White "Sandberg, Martin"]
[Black "Preotu, Razvan"]
[Result "0-1"]
[WhiteElo "1889"]
[BlackElo "2447"]
[PlyCount "46"]
[EventDate "2015.03.10"]
[EventType "swiss"]
[EventRounds "10"]
[EventCountry "ISL"]
[SourceTitle "CBM 165 Extra"]
[Source "ChessBase"]
[SourceDate "2015.04.21"]
[SourceVersion "1"]
[SourceVersionDate "2015.04.21"]
[SourceQuality "1"]

1. e4 c5 2. Nf3 d6 3. d4 cxd4 4. Nxd4 Nf6 5. Nc3 a6 6. Bg5 Nbd7 7. Qe2 b5 8. f4 Bb7 9. 0-0-0 Rc8 10. Nf5 Rxc3 11. bxc3 Qa5 12. Ng3 Nc5 13. Bxf6 gxf6 14. e5 fxe5 15. fxe5 Bh6+ 16. Kb1 Na4 17. Rd3 Nxc3+ 18. Rxc3 Qxc3 19. Nf5 Qb4+ 20. Ka1 Bc1 21. Nxd6+ exd6 22. exd6+ Be4 23. d7+ Kd8 0-1